000 00344nam a2200157Ia 4500
003 Ost
005 20260225132549.0
008 260225s9999||||xx |||||||||||||| ||und||
040 _cfsic
041 _afre
082 _a440
100 _aAbed elkader
_eAuteur
245 0 _aLettre aux Français /
245 0 _cAbed elkader
942 _cكتاب
999 _c34054
_d34054